000 01964nam a2200289 a 4500
001 000000488
003 DO-SdBNP
005 20251027102714.0
008 081127s2007 ck ab 000 0 spa d
020 _a9789589818503
020 _a9589818501
040 _aDO-SdBNP
_bspa
_cBNPHU
082 _a986.1
_bR336o
245 0 3 _aLa región y sus orígenes :
_bmomentos de la historia económica y política del Caribe colombiano /
_ccompilador Gustavo Bell Lemus.
260 _aBogotá :
_bMaremágnum,
_c2007.
300 _a214 p. :
_bil., map. ;
_c24 cm.
490 1 _aManglaria ;
_v1
505 0 _aPresentación / Gustavo Bell Lemus -- La conquista del Caribe colombiano o la pedagogía exploratoria para el establecimiento de la dominación española / José Polo Acuña -- Las ciudades, villas, sitios y el sistema político-administrativo en el Caribe colombiano / Hugues Sánchez Mejía -- Producción hacendil y parcelaria: los casos de la ganadería, la hacienda de trapiche y el tabaco en la economía regional del Caribe colombiano / Joaquín Viloria de la Hoz -- San Andrés, Providencia y Santa Catalina, las islas que coronan la región Caribe colombina / Adelaida Saurdis Nájera -- La navegación en el mar Caribe / Gonzalo Zúñiga Ángel -- Raza, clase y lealtades políticas durante las guerras de independencia en las provincias de Cartagena y Santa Marta / Ernesto Bassi Arévalo -- Participación de la marina patriota en la independencia (1805-1830) / Enrique Román Bazurto -- El río Magdalena y el Mar Caribe como ejes geohistóricos / Adriana Santos Delgado.
650 4 _aHistoria económica
_91620
651 0 _aCaribe (Región)
_xHistoria
_987401
651 0 _aCaribe (Región)
_xPolítica económica
_987401
651 0 _aCaribe (Región)
_xCondiciones económicas
_xHistoria
_987401
700 1 2 _aBell Lemus, Gustavo,
_ecomp.
_91624
830 0 _aManglaria ;
_n1
_91625
910 _aValidado. Control de calidad MFF
942 _2ddc
_cLBS1
999 _c486
_d486